Faktory determinujúce výber vzťahového modelu informačnej bezpečnosti
Faktory vplyvu na informačnú bezpečnosť (IB) v podnikoch v SR - podľa veľkosti a podľa odvetvového zamerania podniku. Modely riadenia IB - hodnotenie bezpečnosti na základe možných ohrození, slabých stránok informačného systému a na základe dopadov.
Uložené v:
| Hlavný autor: | |
|---|---|
| Médium: | Kapitola |
| Jazyk: | Slovak |
| Predmet: | |
| Tagy: |
Žiadne tagy, Buďte prvý, kto otaguje tento záznam!
|
MARC
| LEADER | 00000nla a2200000 4500 | ||
|---|---|---|---|
| 001 | 0240078 | ||
| 005 | 20240502073908.0 | ||
| 041 | 0 | |a slo | |
| 044 | |a SK | ||
| 245 | 1 | 0 | |a Faktory determinujúce výber vzťahového modelu informačnej bezpečnosti |c Benita Beláňová |
| 520 | |a Faktory vplyvu na informačnú bezpečnosť (IB) v podnikoch v SR - podľa veľkosti a podľa odvetvového zamerania podniku. Modely riadenia IB - hodnotenie bezpečnosti na základe možných ohrození, slabých stránok informačného systému a na základe dopadov. | ||
| 610 | 2 | 0 | |a bezpečnosť informačná |
| 610 | 2 | 0 | |a bezpečnosť elektronická |
| 610 | 2 | 0 | |a technológie informačné |
| 610 | 2 | 0 | |a podnik malý |
| 610 | 2 | 0 | |a podnik veľký |
| 610 | 2 | 0 | |a systémy bezpečnostné |
| 610 | 2 | 0 | |a systémy informačné |
| 100 | 1 | |a Beláňová, Benita, 1973- | |